000 00398nam a22001697a 4500
005 20260407160659.0
008 160627b xxu||||| |||| 00| 0 eng d
020 _a0-14-143978-5
041 _aeng
082 _a823.8
100 _aHordy, Thomas
_92968
245 _aThe Mayor of Casterbridge
260 _bPenguin India
_c2003
300 _a322
650 _aenglish fiction
_98925
942 _cBK
999 _c4293
_d4292